Columns for gas chromatography : performance and selection
Gas Chromatography (GC) is the most widely used method for separating and analyzing a wide variety of organic compounds and gases. There have been many recent advancements in both packed column and capillary column GC. With numerous options and considerations, selecting the right column can be compl...
Đã lưu trong:
| 主要作者: | |
|---|---|
| 格式: | 圖書 |
| 語言: | Undetermined |
| 出版: |
Hoboken, N.J.
Wiley-Interscience
2007
|
| 主題: | |
| 標簽: |
添加標簽
沒有標簽, 成為第一個標記此記錄!
|
| Thư viện lưu trữ: | Trung tâm Học liệu Trường Đại học Cần Thơ |
|---|
| LEADER | 01239nam a2200217Ia 4500 | ||
|---|---|---|---|
| 001 | CTU_164692 | ||
| 008 | 210402s9999 xx 000 0 und d | ||
| 020 | |c 100.45 | ||
| 082 | |a 543.0896 | ||
| 082 | |b B279 | ||
| 100 | |a Barry, Eugene F. | ||
| 245 | 0 | |a Columns for gas chromatography : | |
| 245 | 0 | |b performance and selection | |
| 245 | 0 | |c Eugene F. Barry, Robert L. Grob. | |
| 260 | |a Hoboken, N.J. | ||
| 260 | |b Wiley-Interscience | ||
| 260 | |c 2007 | ||
| 520 | |a Gas Chromatography (GC) is the most widely used method for separating and analyzing a wide variety of organic compounds and gases. There have been many recent advancements in both packed column and capillary column GC. With numerous options and considerations, selecting the right column can be complicated. This resource provides essential guidance for scientists and technicians, including: Methods of choosing both capillary and packed columns. Selection of dimensions (column length, I.D., film thickness, etc.) and type of column. Guidelines for proper connections of the column to the injector and detector,... | ||
| 650 | |a Gas chromatography,Phép sắc kí chất khí | ||
| 904 | |i Năm | ||
| 980 | |a Trung tâm Học liệu Trường Đại học Cần Thơ | ||